[Event "Fortaleza Alves Memorial 14th"]
[Site "Fortaleza"]
[Date "2010.05.22"]
[Round "2.11"]
[White "Dos Santos, Inacio Eduardo Andr"]
[Black "Pinto, Joao Marcos Nascime"]
[Result "1-0"]
[WhiteElo "1872"]
[BlackElo "1760"]
[PlyCount "99"]
[EventDate "2010.05.21"]
[EventType "swiss"]
[EventRounds "5"]
[EventCountry "BRA"]
[SourceTitle "EXT 2022"]
[Source "ChessBase"]
[SourceDate "2021.10.06"]
[SourceVersion "1"]
[SourceVersionDate "2021.10.06"]
[SourceQuality "1"]

1. e4 e5 2. Nf3 Nc6 3. d4 Bd6 4. d5 Nce7 5. c4 Nf6 6. Nc3 0-0 7. Be3 Bb4 8. Bd3 d6 9. 0-0 Bg4 10. Bg5 Ng6 11. h3 Bd7 12. Ne2 c6 13. Ng3 h6 14. Be3 cxd5 15. cxd5 Rc8 16. Qb3 Qa5 17. a3 Bc5 18. Bxc5 Qxc5 19. Ne2 Rc7 20. Rac1 Qa5 21. Rxc7 Qxc7 22. Rc1 Qd8 23. Qxb7 Ne8 24. Qxa7 f5 25. Ng3 Nf4 26. Bf1 fxe4 27. Nxe4 Nxd5 28. Bc4 Be6 29. Rd1 Ndc7 30. Bxe6+ Nxe6 31. Nxe5 d5 32. Ng4 N8c7 33. Qb6 Rf4 34. Nd6 h5 35. Ne5 Qf6 36. Ndf7 d4 37. Qb8+ Nd8 38. Qxd8+ Qxd8 39. Nxd8 g5 40. Ndc6 Ne6 41. b4 g4 42. hxg4 hxg4 43. b5 Ng5 44. b6 Rf8 45. b7 Ne4 46. b8Q Rxb8 47. Nxb8 Kg7 48. Rxd4 Nf6 49. Nxg4 Nxg4 50. Rxg4+ 1-0